|
|
|
|
| LEADER |
00000nab a2200000 a 4500 |
| 001 |
vtls000902945 |
| 003 |
SK-MaSNL |
| 005 |
20260302175910.0 |
| 008 |
040720e19991120xo 0 slo |
| 035 |
|
|
|a KE11915
|
| 040 |
|
|
|a KEVKJB
|b slo
|c KEVKJB
|e AACR2
|
| 041 |
0 |
|
|a slo
|
| 044 |
|
|
|a xo
|c SK
|
| 080 |
|
|
|a 312.28
|2 1981
|
| 080 |
|
|
|a 929
|2 1981
|
| 100 |
0 |
|
|a krs
|4 aut
|9 877419
|
| 245 |
1 |
0 |
|a Pani Anna sa dožila 102 rokov
|
| 300 |
|
|
|b 1 foto
|
| 590 |
|
|
|a Belasová, Anna
|b Košičanka
|
| 600 |
1 |
7 |
|a Belasová, Anna
|2 KEVKJB
|9 885459
|
| 650 |
0 |
7 |
|a dlhovekosť
|2 KEVKJB
|9 2448
|
| 650 |
0 |
7 |
|a vek 102 rokov
|2 KEVKJB
|9 878094
|
| 650 |
0 |
7 |
|a oslavy
|2 KEVKJB
|9 484766
|
| 651 |
|
7 |
|a Košice (Slovensko)
|2 KEVKJB
|9 18694
|
| 651 |
|
7 |
|a KE,
|2 KEVKJB
|9 877256
|
| 655 |
|
7 |
|a periodikum
|2 snkbucl
|9 29553
|
| 773 |
0 |
8 |
|t Korzár
|g Roč. 2, č.268, 20.11.1999, s. 4
|
| 852 |
|
|
|a ZVYKNI
|b KIS3GCP
|
| 999 |
|
|
|c 1408704
|d 1410634
|